000 00551nam a2200205 a 4500
005 20210223122715.0
008 991125s1994 mx 000 0 spa u
020 _a9683910882
035 _aUPN01000040271
049 _aF
050 4 _aPR6019 O7
_bM88
100 1 _aJoyce, James,
_d1882-1941
245 1 4 _aLos muertos /
_cJames Joyce ; tr. María Isabel Butler de Foley
260 _aMéxico :
_bALIANZA$bCNCA,
_c1994
300 _a93 p
440 0 _aAlianza cien
650 4 _aNOVELA IRLANDESA
_924663
904 _aAC
_b040273
905 _aLibro
999 _c40271
_d40271